Hipótesis sobre la liberación nacional y liberación social en la etapa actual del imperialismo /
Guardado en:
| Hovedforfatter: | |
|---|---|
| Format: | Texto |
| Sprog: | Spanish |
| Fag: | |
| Tags: |
Tilføj Tag
Ingen Tags, Vær først til at tagge denne postø!
|
MARC
| LEADER | 00000 a a2200000 04500 | ||
|---|---|---|---|
| 001 | 43576 | ||
| 003 | cru CRAI/IIS | ||
| 005 | 20210511153809.0 | ||
| 008 | 210511b |||||||| |||| 00| 0 spa d | ||
| 040 | |c cru CRAI/IIS | ||
| 100 | |a M Vilas, Carlos | ||
| 245 | 1 | |a Hipótesis sobre la liberación nacional y liberación social en la etapa actual del imperialismo / |c Carlos M. Vilas | |
| 500 | |a Colección Centroamérica | ||
| 650 | |a CAPITALISMO | ||
| 650 | |a AMERICA LATINA | ||
| 650 | |a CONFLICTOS SOCIALES | ||
| 650 | |a IMPERIALISMO | ||
| 773 | |g volumen9, número27 ( , 1980), páginas 99-117 | ||
| 773 | 0 | |0 18875 |9 5349 |a Universidad de Costa Rica. |d San José, Costa Rica: Universidad de Costa Rica. Consejo Superior Universitario Centroamericano, 1972- |o 14371 |t Estudios Sociales Centroamericanos / |x 03039676 | |
| 942 | |2 ddc |c PP | ||
| 999 | |c 33561 |d 33561 | ||
